AH International Schools' Libraries

Click, clack, good night / (Record no. 42065)

MARC details
000 -LEADER
fixed length control field 01250cam a22003498i 4500
001 - CONTROL NUMBER
control field 21398054
005 - DATE AND TIME OF LATEST TRANSACTION
control field 20210115145313.0
008 - FIXED-LENGTH DATA ELEMENTS--GENERAL INFORMATION
fixed length control field 200124s2020 nyu a 000 1 eng
010 ## - LIBRARY OF CONGRESS CONTROL NUMBER
LC control number 2020002017
020 ## - INTERNATIONAL STANDARD BOOK NUMBER
International Standard Book Number 9781534451087
Qualifying information (hardcover)
020 ## - INTERNATIONAL STANDARD BOOK NUMBER
Cancelled/invalid ISBN 9781534451094
Qualifying information (ebook)
040 ## - CATALOGING SOURCE
Original cataloging agency DLC
Language of cataloging eng
Description conventions rda
Transcribing agency DLC
042 ## - AUTHENTICATION CODE
Authentication code pcc
-- lcac
050 00 - LIBRARY OF CONGRESS CALL NUMBER
Classification number PZ7.C88135
Item number Cjm 2020
082 00 - DEWEY DECIMAL CLASSIFICATION NUMBER
Classification number [E]
Edition number 23
100 1# - MAIN ENTRY--PERSONAL NAME
Personal name Cronin, Doreen,
Relator term author.
9 (RLIN) 78480
245 10 - TITLE STATEMENT
Title Click, clack, good night /
Statement of responsibility, etc Doreen Cronin ; illustrated by Betsy Lewin.
250 ## - EDITION STATEMENT
Edition statement First edition.
260 ## - PUBLICATION, DISTRIBUTION, ETC. (IMPRINT)
Place of publication, distribution, etc New York :
Name of publisher, distributor, etc Atheneum Books for Young Readers,
Date of publication, distribution, etc 2020.
300 ## - PHYSICAL DESCRIPTION
Extent unpaged.
490 0# - SERIES STATEMENT
Series statement [A click clack book]
520 ## - SUMMARY, ETC.
Summary, etc Farmer Brown puts the other animals to bed but gives up on Duck, who sets out to find just the right spot--and snack--to help him sleep.
521 1# - TARGET AUDIENCE NOTE
Target audience note Ages 4-8.
Source Atheneum Books for Young Readers.
521 2# - TARGET AUDIENCE NOTE
Target audience note Grades K-1.
Source Atheneum Books for Young Readers.
650 #1 - SUBJECT ADDED ENTRY--TOPICAL TERM
Topical term or geographic name as entry element Bedtime
Form subdivision Fiction.
9 (RLIN) 78481
650 #1 - SUBJECT ADDED ENTRY--TOPICAL TERM
Topical term or geographic name as entry element Insomnia
Form subdivision Fiction.
9 (RLIN) 78482
650 #1 - SUBJECT ADDED ENTRY--TOPICAL TERM
Topical term or geographic name as entry element Ducks
Form subdivision Fiction.
9 (RLIN) 78483
650 #1 - SUBJECT ADDED ENTRY--TOPICAL TERM
Topical term or geographic name as entry element Farmers
Form subdivision Fiction.
9 (RLIN) 54824
650 #1 - SUBJECT ADDED ENTRY--TOPICAL TERM
Topical term or geographic name as entry element Domestic animals
Form subdivision Fiction.
9 (RLIN) 78484
700 1# - ADDED ENTRY--PERSONAL NAME
Personal name Lewin, Betsy,
Relator term illustrator.
9 (RLIN) 18113
942 ## - ADDED ENTRY ELEMENTS (KOHA)
Source of classification or shelving scheme
Holdings
Withdrawn status Lost status Source of classification or shelving scheme Damaged status Not for loan Home library Current library Date acquired Total Checkouts Full call number Barcode Date last seen Date checked out Price effective from Koha item type
          Logos International School Logos International School 01/15/2021 8 E CRO 39054112 05/20/2025 05/13/2025 01/15/2021 Book

For any Logos Library related questions please contact Miss Art at swongnarasuk@asianhope.org.

For any Asian Hope Library related questions please contact Miss Raza at graza@asianhope.org.

Click here to explore our ebooks!

Powered by Koha